|
|
|
|
| LEADER |
00000nam0a2200000 4500 |
| 001 |
299216 |
| 005 |
20231102001200.0 |
| 020 |
|
|
|a RU
|b 82-75538
|
| 035 |
|
|
|a (RuTPU)RU\TPU\book\324368
|
| 090 |
|
|
|a 299216
|
| 100 |
|
|
|a 20150625d1982 m y0rusy5003 ca
|
| 101 |
0 |
|
|a rus
|
| 102 |
|
|
|a UA
|
| 105 |
|
|
|a a j 001zy
|
| 200 |
1 |
|
|a Динамика подземных вод
|e учебное пособие для вузов
|f И. Е. Жернов
|
| 210 |
|
|
|a Киев
|c Вища школа
|d 1982
|
| 215 |
|
|
|a 324 с.
|c ил.
|d 20 см
|
| 320 |
|
|
|a Библиогр.: с. 317-318
|
| 606 |
1 |
|
|a Воды подземные
|x Динамика
|2 stltpush
|3 (RuTPU)RU\TPU\subj\3163
|9 31617
|
| 610 |
1 |
|
|a фильтрация
|
| 610 |
1 |
|
|a гидродинамические основы
|
| 610 |
1 |
|
|a водные потоки
|
| 610 |
1 |
|
|a гидродинамика
|
| 610 |
1 |
|
|a установившаяся фильтрация
|
| 610 |
1 |
|
|a уравнения
|
| 610 |
1 |
|
|a неустановившаяся фильтрация
|
| 610 |
1 |
|
|a геофильтрация
|
| 610 |
1 |
|
|a дифференциальные уравнения
|
| 610 |
1 |
|
|a моделирование
|
| 610 |
1 |
|
|a водохранилища
|
| 610 |
1 |
|
|a каналы
|
| 610 |
1 |
|
|a режимные наблюдения
|
| 610 |
1 |
|
|a данные
|
| 610 |
1 |
|
|a водосборы
|
| 610 |
1 |
|
|a миграция
|
| 610 |
1 |
|
|a теплоперенос
|
| 610 |
1 |
|
|a массоперенос
|
| 610 |
1 |
|
|a влагоперенос
|
| 610 |
1 |
|
|a аэрационные зоны
|
| 610 |
1 |
|
|a учебные пособия
|
| 675 |
|
|
|a 556.34(075.8)
|z rus
|v 4
|
| 700 |
|
1 |
|a Жернов
|b И. Е.
|g Игорь Евгеньевич
|4 070
|
| 801 |
|
0 |
|a RU
|b RuMRKP
|c 19950704
|g psbo
|
| 801 |
|
1 |
|a RU
|b 63413507
|c 20150625
|
| 801 |
|
2 |
|a RU
|b 63413507
|c 20170801
|g RCR
|
| 942 |
|
|
|c BK
|